000 00429nam a2200145 i 4500
001 bg
100 1 _aKRASZEWSKI, Zdzisław
245 0 _aLogika-nauka rozumowania /
_cZdzisław Kraszewski.
260 _aWarszawa,
_c1975.
040 _cBPK
041 _apol
942 _cKS
008 s pl f |000 0 pol
856 _uhttp://koha.tu.koszalin.pl/cgi-bin/koha/opac-detail.pl?biblionumber=16603
_yKatalog online BPK
999 _c16603
_d16603